000 00262nam a22001217a 4500
008 170905b xxu||||| |||| 00| 0 eng d
041 _aalb
080 _a615
100 _a05
101 _aFAR
245 _aFARMAKOLOGJI KLINIKE
_cLAURENCE,D.H
942 _2udc
_cBK
999 _c26104
_d26104